000 01048nam a22003257a 4500
001 BR7807067
003 BR-BrBNA
005 20230928085806.0
007 ta
008 230509b bl.||||| |||| 00| 0 por d
040 _aBR-BrBNA
_bpor
_cBiblioteca Nacional de Agricultura
041 _a(Por)
072 _aF24; F26; E10
_b/G514
090 _ F24 BR7807067
110 1 _aFundacao Instituto de Desenvolvimento Economico e Social do Rio de Janeiro, RJ (Brasil)
_94947
245 1 _aOportunidades agroindustriais: localizacao e identificacao; zoneamento ecologico [Rio de Janeiro, Brasil]
260 3 _aRio de Janeiro, RJ (Brasil):
_c1978.
300 _a180 p.
500 _a40 illus.; 36 tables; Bibliography p. 127-129 (57 ref.)
650 _aZONEAMENTO ECOLOGICO
650 _aMEIO AMBIENTE
650 _aUSO DA TERRA
650 _aAPTIDAO AGRICOLA
650 _aSOLO
650 _aRECONHECIMENTO DO SOLO
650 _aZONEAMENTO CLIMATICO
650 _aRIO DE JANEIRO
909 _a202309
_bLucia
_c55
_dLucia Elande
942 _cBK
999 _c26360
_d26360